Guess the Flag (Easy) - Statistics

General Stats
  • This quiz has been taken 184 times
  • The average score is 14 of 15
Answer Stats
Picture Answer % Correct
United States
98%
Canada
97%
China
96%
Brazil
95%
United Kingdom
95%
Germany
94%
Japan
94%
Italy
93%
Mexico
93%
Russia
93%
France
92%
Israel
89%
Australia
88%
Poland
88%
Turkey
88%
No matching quizzes found
Score Distribution
Percent of People with Each Score
Percentile by Number Answered
Your Score History
You have not taken this quiz